000 00597nam a2200217Ia 4500
003 OSt
005 20220923230330.0
006 a|||||r|||| 00| 0
007 ta
008 Pun
024 _a279,507
037 _cTextual
040 _aARTS
_cARTS
_bPun
041 _2Pun
_aPun
082 _aY73(P153):351, 153M9
100 _aਭੁੱਲਰ, ਹਰਬੰਸ ਕੌਰ
245 0 _aਮਾਏ ਮੈ੍ਵ ਮਾਲਵੇ ਜਾਣਾ
260 _c1989
942 _hY73(P153):351, 153M9
_cTEXL
_2CC
999 _c384014
_d384014